Un nuevo enfoque para el análisis de las organizaciones (Registro nro. 22733)

Detalles MARC
000 -LEADER
fixed length control field 00425 a2200145 4500
001 - CONTROL NUMBER
control field ART_6352
005 - DATE AND TIME OF LATEST TRANSACTION
control field 20260410161825.0
008 - FIXED-LENGTH DATA ELEMENTS--GENERAL INFORMATION
fixed length control field 260409a
100 1# - MAIN ENTRY--PERSONAL NAME
Personal name Campos, Silvia
245 10 - TITLE STATEMENT
Title Un nuevo enfoque para el análisis de las organizaciones
700 1# - ADDED ENTRY--PERSONAL NAME
Personal name Carro, Roberto
700 1# - ADDED ENTRY--PERSONAL NAME
Personal name Duran, Claudia
700 1# - ADDED ENTRY--PERSONAL NAME
Personal name Fernández, Hugo O.
773 0# - HOST ITEM ENTRY
Title FACES
Related parts - Año 6, Nº 9 (set./dic. 2000)
Record control number REV5046

No hay ítems disponibles.